Inorganic plant nutrition /
Guardado en:
| Otros Autores: | , |
|---|---|
| Formato: | Libro |
| Idioma: | English |
| Publicado: |
Berlin ; New York :
Springer-Verlag,
1983.
|
| Series: | Encyclopedia of plant physiology ;
new ser., v. 15 A-B |
| Etiquetas: |
Agregar Etiqueta
Sin Etiquetas, Sea el primero en etiquetar este registro!
|
| LEADER | 00889pam a2200193 a 4500 | ||
|---|---|---|---|
| 001 | EEA.libagro009461 | ||
| 005 | 20160929122226.0 | ||
| 008 | 830429s1983####gw#a#####b####001#0#eng## | ||
| 020 | |a 038712103X (set) | ||
| 082 | 0 | 0 | |a 581.1 |a 581.1335 |
| 245 | 0 | 0 | |a Inorganic plant nutrition / |c edited by A. Läuchli and R.L. Bieleski ; contributors, C.J. Asher ... [et al.] ; with a foreword by E. Epstein. |
| 260 | |a Berlin ; |a New York : |b Springer-Verlag, |c 1983. | ||
| 300 | |a v. <1-2> : |b il. ; |c 25 cm. | ||
| 440 | 0 | |a Encyclopedia of plant physiology ; |v new ser., v. 15 A-B | |
| 504 | |a Incluye referencias bibliográficas e índices. | ||
| 700 | 1 | |a Läuchli, A. |q (André), |d 1933- | |
| 700 | 1 | |a Bieleski, R. L. |q (Roderick Leon), |d 1931- | |
| 859 | |a AR-BbBCA |b BIB. AGRONOMIA |h 581.1 |i En56 15A-B |p C1993/0324 |v Vol. 15A |3 Vol. 15A | ||
| 859 | |a AR-BbBCA |b BIB. AGRONOMIA |h 581.1 |i En56 15A-B |p C1993/0325 |v Vol. 15B |3 Vol. 15B | ||
